| 000 | 01151 a2200241 4500 | ||
|---|---|---|---|
| 003 | Nust | ||
| 005 | 20230302110507.0 | ||
| 010 | _a 85017861 | ||
| 020 | _a0813301777 : | ||
| 020 | _a0813301785 (pbk.) : | ||
| 040 | _cNust | ||
| 082 | 0 | 0 | _a327.174, TEC |
| 245 | 0 | 0 |
_aTechnology, strategy, and arms control / _cedited by Wolfram F. Hanrieder. |
| 260 |
_aBoulder : _bWestview Press, _c1986. |
||
| 300 |
_ax, 162 p. ; _c24 cm. |
||
| 505 | _aUS Soviet Negotiations And The Arms Race (Page-1), The Nuclear Superpower Relationship (Page-15), Integrating Arms Control In Europe (Page-27), Arms Control And Federal Republic of Germany(Page-49), Assured Strategic Stupidity (Page-65), Strategic Arms Limitation Negotiations (Page-93), Technological Development, The Military Balance And Arms Control (Page-115), Transforming International Security (Page-131), A Christian Response To The Arms Race (Page-149). | ||
| 650 | 0 |
_aArms control. _985781 |
|
| 650 | 0 |
_aArms race _xHistory _y20th century. _9109717 |
|
| 650 | 0 |
_aMilitary readiness. _948717 |
|
| 650 | 0 |
_aNational security. _912985 |
|
| 700 | 1 |
_aHanrieder, Wolfram F. _9109720 |
|
| 942 |
_2ddc _cBK |
||
| 999 |
_c184312 _d184312 |
||